000 00283nam a2200109Ia 4500
008 200302s9999 xx 000 0 und d
100 _afrancisco Asensio Cerver
245 _aBroken Buildigns Busted Budgets
260 _bThe University of Chicago, USA
260 _c2007
300 _a229
999 _c4590
_d4590